[Event "Wch Seniors 65 24th"]
[Site "Katerini"]
[Date "2014.10.28"]
[Round "5"]
[White "Urbanc, Vinko"]
[Black "Filzmaier, Bruno"]
[Result "1-0"]
[WhiteElo "1849"]
[BlackElo "1846"]
[PlyCount "113"]
[EventDate "2014.10.24"]
[EventType "swiss"]
[EventRounds "11"]
[EventCountry "GRE"]
[SourceTitle "EXT 2015"]
[Source "ChessBase"]
[SourceDate "2014.11.20"]
[SourceVersion "1"]
[SourceVersionDate "2014.11.20"]
[SourceQuality "1"]

1. e4 e6 2. Nc3 d5 3. d4 dxe4 4. Nxe4 Nf6 5. Nxf6+ Qxf6 6. Nf3 h6 7. Be3 Bd6 8. Qd2 0-0 9. 0-0-0 Nd7 10. Be2 e5 11. d5 e4 12. Nd4 Ne5 13. h3 Ng6 14. Bg4 Bf4 15. g3 Bxg4 16. hxg4 Bxe3 17. Qxe3 Qg5 18. Qxg5 hxg5 19. Rh5 f6 20. Re1 Rfd8 21. Ne6 Rd7 22. Rxe4 Re8 23. Nxg5 Rxe4 24. Nxe4 Ne5 25. f4 Nxg4 26. c4 b6 27. Kd2 g6 28. Rh4 Kg7 29. Rxg4 f5 30. Rg5 fxe4 31. Ke3 Kf6 32. b4 Rh7 33. a4 Rh1 34. Kxe4 Rb1 35. Kd4 Rxb4 36. Re5 Rxa4 37. Re6+ Kf7 38. Rc6 b5 39. Rxc7+ Ke8 40. g4 a5 41. f5 gxf5 42. gxf5 Kd8 43. Rc5 bxc4 44. Rxc4 Ra1 45. Ke5 a4 46. Ke6 a3 47. Ra4 a2 48. Kd6 Ke8 49. Ra7 Kf8 50. f6 Rf1 51. Rxa2 Rxf6+ 52. Kd7 Rf7+ 53. Kd8 Rf3 54. d6 Rf4 55. Ra5 Rf2 56. d7 Rf1 57. Rc5 1-0

[Event "Wch Seniors 65 24th"]
[Site "Katerini"]
[Date "2014.10.24"]
[Round "1"]
[White "Skalkotas, Nikolaos"]
[Black "Urbanc, Vinko"]
[Result "1-0"]
[WhiteElo "2150"]
[BlackElo "1849"]
[PlyCount "73"]
[EventDate "2014.10.24"]
[EventType "swiss"]
[EventRounds "11"]
[EventCountry "GRE"]
[SourceTitle "EXT 2015"]
[Source "ChessBase"]
[SourceDate "2014.11.20"]
[SourceVersion "1"]
[SourceVersionDate "2014.11.20"]
[SourceQuality "1"]

1. c4 Nf6 2. Nf3 g6 3. g3 d5 4. cxd5 Nxd5 5. Bg2 Bg7 6. Nc3 0-0 7. Qb3 Nb6 8. d3 Nc6 9. Be3 Be6 10. Qd1 Qd7 11. h4 Nd5 12. Bd2 h6 13. Qc1 Kh7 14. 0-0 Nxc3 15. Bxc3 Bh3 16. Bxg7 Kxg7 17. Qc3+ f6 18. Bxh3 Qxh3 19. b4 Qf5 20. Rab1 Rfc8 21. Rfc1 Qd7 22. Rb2 Nd8 23. h5 g5 24. Qd4 Qxd4 25. Nxd4 e6 26. Rbc2 c6 27. b5 f5 28. f4 Kf6 29. bxc6 bxc6 30. Kf2 gxf4 31. gxf4 e5 32. fxe5+ Kg5 33. Rg1+ Kxh5 34. Nxf5 Ne6 35. Rc4 Ng5 36. Rh1+ Kg6 37. Ne7+ 1-0

[Event "EU-ch Seniors 65 Rapid"]
[Site "Porto"]
[Date "2014.03.19"]
[Round "5"]
[White "Urbanc, Vinko"]
[Black "Grabow, Pouelsten Holm"]
[Result "0-1"]
[WhiteElo "1860"]
[BlackElo "2095"]
[PlyCount "82"]
[EventDate "2014.03.19"]
[EventType "swiss (rapid)"]
[EventRounds "9"]
[EventCountry "POR"]
[SourceTitle "EXT 2015"]
[Source "ChessBase"]
[SourceDate "2014.11.20"]
[SourceVersion "1"]
[SourceVersionDate "2014.11.20"]
[SourceQuality "1"]

1. c4 c6 2. Nf3 d5 3. cxd5 cxd5 4. d4 Nf6 5. e3 Nc6 6. Be2 Bf5 7. 0-0 e6 8. Bd2 Bd6 9. Nc3 0-0 10. Rc1 Ne4 11. Be1 Rc8 12. a3 Qe7 13. Bd3 a6 14. Qe2 Rc7 15. Na4 Nxd4 16. Qd1 Rxc1 17. Qxc1 Nxf3+ 18. gxf3 Ng5 19. Be2 Bh3 20. Bc3 Bxf1 21. Kxf1 f6 22. f4 Ne4 23. Be1 Qd7 24. Qd1 b5 25. Nc3 f5 26. f3 Nxc3 27. Bxc3 Bc5 28. Bd4 Qa7 29. Qd3 Bxd4 30. exd4 Rc8 31. Qe3 Kf7 32. Bd3 Qc7 33. Ke2 Qc1 34. Qxc1 Rxc1 35. Kd2 Rh1 36. a4 Rxh2+ 37. Kc3 b4+ 38. Kxb4 Rxb2+ 39. Ka5 Ke7 40. Bxf5 exf5 41. Kxa6 h5 0-1

[Event "EU-ch Seniors 65 14th"]
[Site "Porto"]
[Date "2014.03.13"]
[Round "5"]
[White "Wahlstedt, Mats"]
[Black "Urbanc, Vinko"]
[Result "1-0"]
[WhiteElo "1937"]
[BlackElo "1868"]
[PlyCount "165"]
[EventDate "2014.03.09"]
[EventType "swiss"]
[EventRounds "9"]
[EventCountry "POR"]
[SourceTitle "CBM 159 Extra"]
[Source "ChessBase"]
[SourceDate "2014.04.24"]
[SourceVersion "1"]
[SourceVersionDate "2014.04.24"]
[SourceQuality "1"]

1. e4 c5 2. c3 d5 3. exd5 Qxd5 4. d4 Nc6 5. Nf3 Bg4 6. Be2 e6 7. 0-0 Nf6 8. h3 Bh5 9. Be3 Be7 10. Nbd2 cxd4 11. cxd4 0-0 12. a3 Rfd8 13. Rc1 Rac8 14. Qa4 Qd7 15. Bb5 Bd6 16. Ne5 Bxe5 17. dxe5 Nd5 18. Bg5 f6 19. exf6 gxf6 20. Qh4 Qf7 21. Bxc6 bxc6 22. Bh6 Qg6 23. Qg3 Kf7 24. Bf4 Qf5 25. Be3 Rg8 26. Qh2 Be2 27. Rfe1 Nxe3 28. fxe3 Qd3 29. Nc4 Bf3 30. g4 Rcd8 31. Qf4 Qd5 32. Kf2 Bxg4 33. hxg4 e5 34. Qf5 Qe6 35. Qxe6+ Kxe6 36. Kf3 Rg5 37. Rh1 Rd7 38. Na5 e4+ 39. Kf4 Rxa5 40. Rxc6+ Kd5 41. Rxf6 Kc4 42. Kxe4 Rb7 43. Rh2 Rg5 44. Kf3 Rbg7 45. Rf4+ Kb3 46. Rh5 R5g6 47. Rb5+ Ka2 48. a4 Rh6 49. a5 Rh3+ 50. Kf2 Rh2+ 51. Kg3 Rxb2 52. Rxb2+ Kxb2 53. Rf5 Kc3 54. Re5 Kc4 55. Rf5 Kd3 56. Kf4 Re7 57. Rd5+ Kc4 58. Re5 Rf7+ 59. Ke4 h6 60. Re6 Rg7 61. Kf3 Rg5 62. a6 h5 63. gxh5 Rxh5 64. Re7 Kb5 65. Rxa7 Rh8 66. e4 Kb6 67. Rb7+ Kxa6 68. Rb1 Rf8+ 69. Kg4 Rg8+ 70. Kf5 Rf8+ 71. Ke6 Re8+ 72. Kd5 Rd8+ 73. Kc6 Rc8+ 74. Kd7 Rc4 75. e5 Rd4+ 76. Ke7 Rd2 77. e6 Re2 78. Kd7 Rd2+ 79. Ke8 Re2 80. e7 Rf2 81. Rd1 Kb7 82. Kd8 Ra2 83. e8Q 1-0

[Event "EU-ch Seniors 65 14th"]
[Site "Porto"]
[Date "2014.03.10"]
[Round "2"]
[White "Urbanc, Vinko"]
[Black "Schouten, Nico"]
[Result "0-1"]
[WhiteElo "1868"]
[BlackElo "2179"]
[PlyCount "56"]
[EventDate "2014.03.09"]
[EventType "swiss"]
[EventRounds "9"]
[EventCountry "POR"]
[SourceTitle "CBM 159 Extra"]
[Source "ChessBase"]
[SourceDate "2014.04.24"]
[SourceVersion "1"]
[SourceVersionDate "2014.04.24"]
[SourceQuality "1"]

1. Nf3 Nf6 2. c4 g6 3. Nc3 Bg7 4. e4 c5 5. Be2 0-0 6. 0-0 Nc6 7. d4 cxd4 8. Nxd4 d6 9. Be3 Bd7 10. Rc1 Nxd4 11. Bxd4 Bc6 12. Bd3 Qd7 13. Qe2 b6 14. Rfd1 Rac8 15. b3 Rfe8 16. Qb2 Bh6 17. Rc2 e5 18. Be3 Bxe3 19. fxe3 Qg4 20. Rf2 Nxe4 21. Be2 Qe6 22. Nxe4 Bxe4 23. Qa3 d5 24. cxd5 Bxd5 25. e4 Bxe4 26. Bc4 Qe7 27. Rxf7 Qxa3 28. Rxa7+ Rxc4 0-1

[Event "Wch Seniors 23rd"]
[Site "Opatija"]
[Date "2013.11.19"]
[Round "7"]
[White "Belistri, Ubaldo"]
[Black "Urbanc, Vinko"]
[Result "1-0"]
[WhiteElo "2016"]
[BlackElo "1842"]
[PlyCount "73"]
[EventDate "2013.11.12"]
[EventType "swiss"]
[EventRounds "11"]
[EventCountry "CRO"]
[SourceTitle "CBM 157 Extra"]
[Source "ChessBase"]
[SourceDate "2013.12.19"]
[SourceVersion "1"]
[SourceVersionDate "2013.12.19"]
[SourceQuality "1"]

1. d4 Nf6 2. c4 g6 3. Nc3 d5 4. Bf4 Bg7 5. e3 0-0 6. Rc1 c6 7. h3 a6 8. Nf3 Nbd7 9. cxd5 cxd5 10. Be2 b5 11. 0-0 Bb7 12. Qb3 h6 13. a4 Nh5 14. Bh2 e6 15. axb5 f5 16. Nd2 f4 17. Bxh5 fxe3 18. fxe3 Qg5 19. Nd1 Qxh5 20. Rc7 Rxf1+ 21. Nxf1 Qe2 22. Nc3 Qe1 23. Qd1 Qxd1 24. Nxd1 Bc8 25. bxa6 e5 26. dxe5 Nxe5 27. Rxg7+ Kxg7 28. Bxe5+ Kf7 29. Nd2 Rxa6 30. Kf2 Bf5 31. Nc3 Ke6 32. Bg7 h5 33. Nf3 Bd3 34. Ng5+ Kf5 35. h4 Kg4 36. Nf3 Ra1 37. Ne5+ 1-0

[Event "Wch Seniors 23rd"]
[Site "Opatija"]
[Date "2013.11.13"]
[Round "2"]
[White "Urbanc, Vinko"]
[Black "Lind, Jan Olov"]
[Result "0-1"]
[WhiteElo "1842"]
[BlackElo "2238"]
[PlyCount "70"]
[EventDate "2013.11.12"]
[EventType "swiss"]
[EventRounds "11"]
[EventCountry "CRO"]
[SourceTitle "CBM 157 Extra"]
[Source "ChessBase"]
[SourceDate "2013.12.19"]
[SourceVersion "1"]
[SourceVersionDate "2013.12.19"]
[SourceQuality "1"]

1. e4 c5 2. Nf3 g6 3. d4 cxd4 4. Qxd4 Nf6 5. e5 Nc6 6. Qc4 d5 7. exd6 Qxd6 8. Nc3 Bg7 9. Be2 0-0 10. 0-0 Bf5 11. Nb5 Qb4 12. c3 Qxc4 13. Bxc4 Rac8 14. Rd1 a6 15. Na3 b5 16. Be2 Ne4 17. Bd2 b4 18. Nb1 a5 19. Nh4 Nxd2 20. Rxd2 Bxb1 21. Rxb1 bxc3 22. bxc3 Bxc3 23. Rd7 Rfd8 24. Rbb7 Rxd7 25. Rxd7 e6 26. Nf3 Bf6 27. g4 h6 28. Kg2 Nb4 29. a4 Nd5 30. Bd1 Rc1 31. Bb3 Nf4+ 32. Kg3 g5 33. Ra7 Rc3 34. Bd1 Kg7 35. Rxa5 e5 0-1

[Event "SLO-CupT"]
[Site "Ljubljana"]
[Date "2013.09.20"]
[Round "1.1"]
[White "Urbanc, Vinko"]
[Black "Srebrnic, Marko"]
[Result "0-1"]
[WhiteElo "1868"]
[BlackElo "2350"]
[PlyCount "62"]
[EventDate "2013.09.20"]
[EventType "team-swiss"]
[EventRounds "5"]
[EventCountry "SLO"]
[SourceTitle "EXT 2019"]
[Source "ChessBase"]
[SourceDate "2018.10.10"]
[SourceVersion "1"]
[SourceVersionDate "2018.10.10"]
[SourceQuality "1"]
[WhiteTeam "En Passant"]
[BlackTeam "Nova Gorica"]
[WhiteTeamCountry "SLO"]
[BlackTeamCountry "SLO"]

1. e4 c5 2. Nf3 Nc6 3. d4 cxd4 4. Nxd4 e5 5. Nb5 d6 6. N1c3 a6 7. Na3 Be7 8. Nd5 Nf6 9. Nxf6+ Bxf6 10. c3 b5 11. Nc2 0-0 12. Ne3 Bg5 13. Be2 Be6 14. 0-0 Ne7 15. a4 bxa4 16. Rxa4 a5 17. Nc4 Bxc1 18. Qxc1 Qc7 19. Qe3 f5 20. Rfa1 fxe4 21. Nxa5 d5 22. b4 Rac8 23. Nb3 d4 24. cxd4 Nf5 25. Qg5 h6 26. Qg6 Rf6 27. Qxf6 gxf6 28. Nc5 Nxd4 29. Bd1 Qb6 30. Ra6 Qxb4 31. g4 Qxc5 0-1

[Event "Kesarovski Georgiev Memorial-B 12th"]
[Site "Sunny Beach"]
[Date "2013.09.06"]
[Round "7"]
[White "Urbanc, Vinko"]
[Black "Raondi, Yan Martin"]
[Result "1-0"]
[WhiteElo "1866"]
[BlackElo "1666"]
[PlyCount "81"]
[EventDate "2013.08.31"]
[EventType "swiss"]
[EventRounds "9"]
[EventCountry "BUL"]
[SourceTitle "CBM 156 Extra"]
[Source "ChessBase"]
[SourceDate "2013.10.22"]
[SourceVersion "1"]
[SourceVersionDate "2013.10.22"]
[SourceQuality "1"]

1. e4 c5 2. Nf3 e6 3. d4 cxd4 4. Nxd4 Nc6 5. Nb5 d6 6. c4 Be7 7. N1c3 a6 8. Na3 b6 9. Be2 Bb7 10. f4 Bh4+ 11. g3 Bf6 12. Be3 Nge7 13. Bf3 Qc7 14. 0-0 0-0 15. Qd2 Rac8 16. Qf2 Qb8 17. Na4 b5 18. cxb5 axb5 19. Nb6 Ba6 20. Nd7 Qc7 21. Nxf6+ gxf6 22. Rfc1 Qd7 23. Nc2 f5 24. Qd2 fxe4 25. Bxe4 f5 26. Bf3 Rf7 27. a4 Rg7 28. axb5 Bxb5 29. Nd4 Nxd4 30. Rxc8+ Nxc8 31. Bxd4 Rf7 32. Qb4 Bc6 33. Bh5 Rf8 34. Qc3 Qb7 35. Qe3 Be4 36. Bc3 Qd5 37. Rd1 Qc5 38. Qxc5 dxc5 39. Rd7 Bd5 40. Rg7+ Kh8 41. Rg5+ 1-0

[Event "Topusko op 2nd"]
[Site "Topusko"]
[Date "2013.08.06"]
[Round "4"]
[White "Urbanc, Vinko"]
[Black "Radenic, Filip"]
[Result "1-0"]
[WhiteElo "1861"]
[BlackElo "1612"]
[PlyCount "63"]
[EventDate "2013.08.03"]
[EventType "swiss"]
[EventRounds "7"]
[EventCountry "CRO"]
[SourceTitle "CBM 155 Extra"]
[Source "ChessBase"]
[SourceDate "2013.08.26"]
[SourceVersion "1"]
[SourceVersionDate "2013.08.26"]
[SourceQuality "1"]

1. e4 e6 2. Nc3 d5 3. d4 Nf6 4. Bg5 Be7 5. e5 Nfd7 6. Be3 0-0 7. f4 a6 8. Nf3 c5 9. Ne2 Nc6 10. c3 Qb6 11. Qd2 cxd4 12. Nexd4 Bc5 13. Be2 Nxd4 14. Nxd4 Qc7 15. 0-0 Bb6 16. b4 Rd8 17. Rac1 Nf8 18. Rf3 Bd7 19. Bd3 Rac8 20. Qe2 Bxd4 21. Bxd4 Qc6 22. g4 Qa4 23. Bc2 Qb5 24. Qf2 Qc6 25. Rh3 Be8 26. Bxh7+ Nxh7 27. Qh4 Kf8 28. Qxh7 b6 29. Qh8+ Ke7 30. Qxg7 a5 31. Qf6+ Kd7 32. Rh7 1-0

[Event "Topusko op 2nd"]
[Site "Topusko"]
[Date "2013.08.03"]
[Round "1"]
[White "Jelecevic, Ivo"]
[Black "Urbanc, Vinko"]
[Result "1-0"]
[WhiteElo "2198"]
[BlackElo "1861"]
[PlyCount "60"]
[EventDate "2013.08.03"]
[EventType "swiss"]
[EventRounds "7"]
[EventCountry "CRO"]
[SourceTitle "CBM 155 Extra"]
[Source "ChessBase"]
[SourceDate "2013.08.26"]
[SourceVersion "1"]
[SourceVersionDate "2013.08.26"]
[SourceQuality "1"]

1. e4 Nf6 2. Nc3 d5 3. e5 Nfd7 4. d4 e6 5. f4 c5 6. Nf3 Nc6 7. Ne2 b6 8. c3 Ba6 9. g3 Be7 10. Bh3 0-0 11. 0-0 cxd4 12. cxd4 Na5 13. f5 exf5 14. Bxf5 g6 15. Bb1 f5 16. Rf2 Re8 17. Nf4 Nf8 18. a3 Rc8 19. Ba2 Bc4 20. b3 g5 21. Nxg5 Bxg5 22. bxc4 dxc4 23. Nh5 Rc6 24. Rxf5 Bxc1 25. Rxc1 Nd7 26. d5 Rg6 27. e6 Nc5 28. Nf4 Ncb3 29. Nxg6 Nxc1 30. Ne5 Rxe6 1-0

[Event "Srebrno Jezero op-B 7th"]
[Site "Srebrno Jezero"]
[Date "2013.06.16"]
[Round "5"]
[White "Urbanc, Vinko"]
[Black "Brankovan, Mario"]
[Result "0-1"]
[WhiteElo "1886"]
[BlackElo "1921"]
[PlyCount "96"]
[EventDate "2013.06.14"]
[EventType "swiss"]
[EventRounds "9"]
[EventCountry "SRB"]
[SourceTitle "EXT 2014"]
[Source "ChessBase"]
[SourceDate "2013.11.20"]
[SourceVersion "1"]
[SourceVersionDate "2013.11.20"]
[SourceQuality "1"]

1. c4 c5 2. Nf3 Nc6 3. g3 g6 4. Bg2 Bg7 5. Nc3 Nf6 6. 0-0 0-0 7. d3 Rb8 8. Be3 d6 9. Qc1 Re8 10. Bh6 Bh8 11. Bd2 a6 12. a4 Bd7 13. Ng5 Nd4 14. Qd1 b6 15. e3 Nc6 16. Ne2 h6 17. Nf3 Qc8 18. Bc3 Bh3 19. Qd2 Bxg2 20. Kxg2 e5 21. e4 Bg7 22. Nh4 Nh7 23. Rh1 Ng5 24. h3 Ne6 25. Raf1 Ned4 26. Bxd4 cxd4 27. f4 exf4 28. gxf4 Qd8 29. Nf3 Qd7 30. Ng3 b5 31. axb5 axb5 32. b3 bxc4 33. bxc4 Rb3 34. Rf2 Ra8 35. f5 Raa3 36. Ne1 Ne5 37. f6 Nxd3 38. fxg7 Nxe1+ 39. Kf1 Re3 40. Nh5 gxh5 41. Qxd4 Nf3 42. Qb2 Qc7 43. Qb4 Rab3 44. Qa4 Qc8 45. Ra2 Kxg7 46. Rg2+ Kh7 47. Kf2 Qc5 48. Ra1 Re1+ 0-1

[Event "EU-ch Seniors 13th"]
[Site "Plovdiv"]
[Date "2013.03.19"]
[Round "9"]
[White "Taksrud, Vidar"]
[Black "Urbanc, Vinko"]
[Result "1-0"]
[WhiteElo "2089"]
[BlackElo "1922"]
[PlyCount "81"]
[EventDate "2013.03.11"]
[EventType "swiss"]
[EventRounds "9"]
[EventCountry "BUL"]
[SourceTitle "CBM 153 Extra"]
[Source "ChessBase"]
[SourceDate "2013.04.22"]
[SourceVersion "1"]
[SourceVersionDate "2013.04.22"]
[SourceQuality "1"]

1. e4 Nf6 2. e5 Nd5 3. Nc3 e6 4. Bc4 c6 5. Nf3 d6 6. 0-0 dxe5 7. Nxe5 Bd6 8. d4 Nd7 9. Nxd7 Bxd7 10. Ne4 Be7 11. Qg4 g6 12. Qg3 Qc7 13. Qxc7 Nxc7 14. Bf4 Nd5 15. Be5 f6 16. Bd6 b5 17. Bxe7 Kxe7 18. Bd3 Rad8 19. Rfe1 h6 20. a4 b4 21. a5 Rb8 22. Nc5 Bc8 23. Bc4 Rd8 24. g3 g5 25. Rad1 f5 26. Re5 Kf6 27. Rde1 Rd6 28. h3 Nc7 29. c3 bxc3 30. bxc3 Rb2 31. g4 Nd5 32. gxf5 Nf4 33. Ne4+ Ke7 34. f6+ Kf8 35. Nxd6 Nxh3+ 36. Kg2 Nf4+ 37. Kf3 Nh3 38. Bxe6 Rxf2+ 39. Kg3 Rxf6 40. Bxc8 Nf4 41. Re8+ 1-0

[Event "EU-ch Seniors 13th"]
[Site "Plovdiv"]
[Date "2013.03.17"]
[Round "7"]
[White "Urbanc, Vinko"]
[Black "Wahlstedt, Mats"]
[Result "0-1"]
[WhiteElo "1922"]
[BlackElo "1984"]
[PlyCount "64"]
[EventDate "2013.03.11"]
[EventType "swiss"]
[EventRounds "9"]
[EventCountry "BUL"]
[SourceTitle "CBM 153 Extra"]
[Source "ChessBase"]
[SourceDate "2013.04.22"]
[SourceVersion "1"]
[SourceVersionDate "2013.04.22"]
[SourceQuality "1"]

1. e4 c5 2. Nf3 e6 3. d4 cxd4 4. Nxd4 a6 5. Bd3 Qc7 6. Nc3 Nf6 7. 0-0 Bd6 8. h3 Nc6 9. Nb3 Bh2+ 10. Kh1 Bf4 11. a4 b6 12. Nd2 Nb4 13. Nc4 Bxc1 14. Qxc1 Nxd3 15. cxd3 d6 16. Qg5 0-0 17. a5 bxa5 18. Qg3 e5 19. Rxa5 Be6 20. Ra4 Rfb8 21. Rfa1 h6 22. Qe3 Rb3 23. f4 d5 24. fxe5 Nxe4 25. Nxe4 dxc4 26. Nc5 Rxb2 27. Nxe6 fxe6 28. Rxc4 Qb7 29. Qe4 Qxe4 30. Rxe4 a5 31. Ra3 Rb5 32. Kh2 Rd8 0-1

[Event "EU-ch Seniors 13th"]
[Site "Plovdiv"]
[Date "2013.03.14"]
[Round "4"]
[White "Borwell, Alan Peter"]
[Black "Urbanc, Vinko"]
[Result "1-0"]
[WhiteElo "2027"]
[BlackElo "1922"]
[PlyCount "53"]
[EventDate "2013.03.11"]
[EventType "swiss"]
[EventRounds "9"]
[EventCountry "BUL"]
[SourceTitle "CBM 153 Extra"]
[Source "ChessBase"]
[SourceDate "2013.04.22"]
[SourceVersion "1"]
[SourceVersionDate "2013.04.22"]
[SourceQuality "1"]

1. e4 Nf6 2. e5 Nd5 3. Nc3 c6 4. Bc4 e6 5. Nf3 Nf4 6. d4 Nxg2+ 7. Kf1 Nh4 8. Bg5 Be7 9. Bxe7 Qxe7 10. Ne4 Nf5 11. Rg1 b6 12. Bd3 Ba6 13. Qe2 Bxd3 14. Qxd3 Kd8 15. c4 Na6 16. a3 Nc7 17. Nd6 Ne8 18. Nxf5 exf5 19. d5 Rc8 20. d6 Qe6 21. Re1 f6 22. Nd4 Qf7 23. e6 dxe6 24. Rxe6 Nxd6 25. Rxd6+ Kc7 26. Rxg7 Kxd6 27. Nxf5+ 1-0

[Event "Wch Seniors 22nd"]
[Site "Kamena Vourla"]
[Date "2012.11.23"]
[Round "10"]
[White "Urbanc, Vinko"]
[Black "Dekan, Hans"]
[Result "0-1"]
[WhiteElo "1916"]
[BlackElo "2169"]
[PlyCount "128"]
[EventDate "2012.11.13"]
[EventType "swiss"]
[EventRounds "11"]
[EventCountry "GRE"]
[SourceTitle "CBM 151 Extra"]
[Source "ChessBase"]
[SourceDate "2012.12.18"]
[SourceVersion "1"]
[SourceVersionDate "2012.12.18"]
[SourceQuality "1"]

1. e4 c5 2. Nf3 Nc6 3. d4 cxd4 4. Nxd4 e5 5. Nb5 d6 6. N1c3 a6 7. Na3 b5 8. Nd5 Nf6 9. Bg5 Be7 10. Bxf6 Bxf6 11. c3 0-0 12. Nc2 Be6 13. Nce3 Bg5 14. h4 Bxe3 15. Nxe3 Ne7 16. g3 d5 17. Bg2 d4 18. cxd4 Qa5+ 19. Qd2 Qxd2+ 20. Kxd2 exd4 21. Nf5 Bxf5 22. exf5 Rad8 23. f6 gxf6 24. Rhc1 Rd7 25. Bh3 Rd6 26. Rc7 Nd5 27. Ra7 Re8 28. Rc1 d3 29. Bg4 f5 30. Bf3 Nf6 31. Rcc7 Rf8 32. Re7 Kg7 33. Bb7 Rfd8 34. Bg2 R8d7 35. Rexd7 Nxd7 36. b3 Ne5 37. Rc7 Ng4 38. f3 Ne5 39. Rc3 Rg6 40. f4 Rxg3 41. Bb7 Nf3+ 42. Kxd3 Nxh4+ 43. Kd4 Rg4 44. Ke5 Ng6+ 45. Kd6 Nxf4 46. Bc8 Ne2 47. Re3 Nd4 48. Kd5 a5 49. a3 Nc2 50. Rh3 h6 51. Bxf5 Rg5 52. Ke5 Nxa3 53. Rd3 Rg1 54. Rc3 b4 55. Rc5 Rg3 56. Rxa5 Rxb3 57. Ra7 Rc3 58. Rb7 Rc5+ 59. Kf4 Rb5 60. Ra7 Rb6 61. Be4 Nb5 62. Ra1 b3 63. Rg1+ Kf8 64. Ke5 b2 0-1

[Event "Wch Seniors 22nd"]
[Site "Kamena Vourla"]
[Date "2012.11.15"]
[Round "3"]
[White "Lachat, Martin"]
[Black "Urbanc, Vinko"]
[Result "0-1"]
[WhiteElo "1675"]
[BlackElo "1916"]
[PlyCount "56"]
[EventDate "2012.11.13"]
[EventType "swiss"]
[EventRounds "11"]
[EventCountry "GRE"]
[SourceTitle "CBM 151 Extra"]
[Source "ChessBase"]
[SourceDate "2012.12.18"]
[SourceVersion "1"]
[SourceVersionDate "2012.12.18"]
[SourceQuality "1"]

1. c4 Nf6 2. Nc3 g6 3. Nf3 Bg7 4. g3 0-0 5. Bg2 d5 6. cxd5 Nxd5 7. Nxd5 Qxd5 8. 0-0 c5 9. d3 Nc6 10. Ng5 Qd7 11. Rb1 h6 12. Ne4 b6 13. b3 Bb7 14. Bb2 e5 15. Qd2 Rad8 16. f4 f5 17. Nc3 e4 18. Rbd1 Nd4 19. Qc1 Qe6 20. dxe4 fxe4 21. e3 Nf3+ 22. Kh1 Qg4 23. Nxe4 Rxd1 24. Rxd1 Qe6 25. Bxg7 Kxg7 26. Ng5 hxg5 27. Rf1 g4 28. h3 Qf6 0-1

[Event "Nova Gorica op-A 17th"]
[Site "Nova Gorica"]
[Date "2012.02.02"]
[Round "9"]
[White "Zavrtanik, Uros"]
[Black "Urbanc, Vinko"]
[Result "0-1"]
[WhiteElo "1733"]
[BlackElo "1899"]
[PlyCount "117"]
[EventDate "2012.01.27"]
[EventType "swiss"]
[EventRounds "9"]
[EventCountry "SLO"]
[SourceTitle "CBM 146 Extra"]
[Source "ChessBase"]
[SourceDate "2012.02.29"]
[SourceVersion "1"]
[SourceVersionDate "2012.02.29"]
[SourceQuality "1"]

1. e4 Nf6 2. Nc3 d5 3. exd5 Nxd5 4. d4 Bf5 5. Bc4 c6 6. Nf3 e6 7. 0-0 Be7 8. Nxd5 cxd5 9. Bd3 Bg4 10. Re1 Nc6 11. c3 a6 12. Be2 Bf5 13. Bd3 Bxd3 14. Qxd3 Bf6 15. b3 Rc8 16. Bf4 h6 17. Rac1 0-0 18. Ne5 g5 19. Nxc6 Rxc6 20. Be5 Kg7 21. Qd2 Bxe5 22. Rxe5 f6 23. Re3 f5 24. c4 Qc7 25. Rxe6 dxc4 26. Rxc6 Qxc6 27. d5 c3 28. Qxg5+ hxg5 29. dxc6 bxc6 30. Rxc3 Rd8 31. Kf1 Rd1+ 32. Ke2 Ra1 33. Rc2 Kf7 34. a4 Rb1 35. Kd2 Rxb3 36. Rxc6 Rb2+ 37. Rc2 Rb4 38. a5 Rb5 39. Ra2 Kf6 40. f3 Ke5 41. g3 Kd4 42. h4 gxh4 43. gxh4 Ke5 44. Ke1 Rb1+ 45. Kf2 Rh1 46. Kg3 f4+ 47. Kg4 Rg1+ 48. Kh5 Rg3 49. Re2+ Kf5 50. Rf2 Rh3 51. Rf1 Rg3 52. Kh6 Kf6 53. h5 Rh3 54. Rg1 Rxf3 55. Rg6+ Kf5 56. Rxa6 Rc3 57. Rb6 f3 58. a6 Ra3 59. Kg7 0-1